Estatísticas para Escolas literárias

Clique aqui para jogar o quiz

Estatísticas Gerais

  • Esse quiz foi jogado 45 vezes
  • A pontuação média é 7 de 12

Estatísticas das Respostas

HintResposta% Correto
Romantismo
90%
Realismo
78%
Barroco
76%
12ªModernismo
73%
Naturalismo
56%
Arcadismo
51%
Classicismo
49%
10ªParnasianismo
49%
Trovadorismo
49%
11ªSimbolismo
41%
Quinhentismo
39%
Humanismo
37%

Distribuição das Pontuações

Percentil de Números Respondidos

Porcentagem de Pessoas com Cada Pontuação

Sua Pontuação Histórica

Você não jogou esse quiz